000 00598cam a2200145 4500500
005 20260208002423.0
041 _afre
042 _adc
100 1 0 _aGiafferi-Dombre, Natacha
_eauthor
245 0 0 _aMarie Meudec, Le Kout poud : maladie, vodou et gestion des conflits en Haïti, Préface de Jean-Marie Théodat Paris, L’Harmattan, 2007, 142 p., bibl. (« L’Autre Caraïbe »)
260 _c2009.
500 _a98
786 0 _nL'Homme | 191 | 3 | 2009-09-01 | p. 271p-329p | 0439-4216
856 4 1 _uhttps://shs.cairn.info/revue-l-homme-2009-3-page-271p?lang=fr&redirect-ssocas=7080
999 _c1646279
_d1646279